| 000 | 00769nam a2200205Ia 4500 | ||
|---|---|---|---|
| 003 | GCL | ||
| 008 | 140319s9999 xx 000 0 ara d | ||
| 040 |
_aGCL / _cGCL |
||
| 082 | 0 | 4 |
_a811.3 _bذ د |
| 100 | 1 | _aذو الرمة : ابو الحارث غيلان بن عقبة بن نهيس بن مسعود العدوى | |
| 245 | 1 | 0 |
_aديوان ذى الرمة / _cذو الرمة : ابو الحارث غيلان بن عقبة بن نهيس بن مسعود العدوى |
| 260 |
_aبيروت : _bالمطبعة الوطنية ، _c1934 |
||
| 300 |
_a539 ص ؛ _c18 سم |
||
| 490 |
_aكتاب _v0 |
||
| 650 | 0 | 4 | _aالشعر العربى |
| 650 | 0 | 4 | _aالادب العربى |
| 650 | 0 | 4 | _aدواوين وقصائد |
| 650 | 0 | 4 | _aذو الرمة |
| 942 |
_2ddc _cBK |
||
| 999 |
_c41774 _d41774 |
||